Loading...
| LEADER | 00651nam a2200241Ia 4500 | ||
|---|---|---|---|
| 008 | 141122s9999 xx 000 0 und d | ||
| 020 | |a 9789381788523 | ||
| 040 | |c . | ||
| 041 | |a Malayalam | ||
| 082 | |a 813.4 | ||
| 082 | |b SAS/KE | ||
| 100 | |a Clari Sasidharan | ||
| 245 | |a Keraliya kalanigndu | ||
| 245 | |c Clari Sasidharan | ||
| 260 | |b Kozhikode | ||
| 260 | |b Olive | ||
| 260 | |c 2012 | ||
| 300 | |a 296 Pages | ||
| 365 | |a 210 | ||
| 650 | |a Reference | ||
| 942 | |c BK | ||
| 999 | |c 6191 |d 6191 | ||
| 952 | |0 0 |1 0 |4 0 |6 813_400000000000000_SASKE |7 0 |9 6149 |a COVAS |b COVAS |d 0000-00-00 |g 210.00 |l 2 |o 813.4 SAS/KE |p 21984 |r 2015-10-29 |s 2015-10-14 |w 2014-11-26 |y BK | ||